| 000 | 00455nam a22001337a 4500 | ||
|---|---|---|---|
| 040 | _cNUST | ||
| 082 | _a200 THE | ||
| 100 |
_aGibran Saleheen Sarmad _991275 |
||
| 110 | _aSupervisor Dr. Afshan Naseem | ||
| 245 | _aTH-SOF-1986-Linking Quality Management Practices, Organizational Ambidexterity, and Green Innovation The Drivers of Sustainable Performance | ||
| 260 |
_aISLAMABAD: _bNUST COLLEGE OF EME, _c2022. |
||
| 650 | _aMS-EM-19 | ||
| 942 |
_2ddc _cTHE |
||
| 999 |
_c589484 _d589484 |
||